000 00341pab a2200145 454500
008 180718b1998 xxu||||| |||| 00| 0 eng d
100 _aPoornalingam, R.
245 _aSolid waste management in Chennai
260 _c1998
300 _ap.49-72
362 _aJul-Dec
650 _aWaste treatment
773 _aUrban India
909 _a43829
999 _c43829
_d43829